000 03065nam a22002897a 4500
005 20160506110811.0
010 _aENG-115085
020 _a9789339222376
_c775.00
020 _a9339222377
_c775.00
035 _aEN-98617
037 _bDBAD/PUB
082 _a658.478
100 _aSchou, Corey
245 _aInformation assurance handbook :
_beffective computer security and risk management strategies /
_cby Corey Schou [and] Steven Hernandez
260 _aNew Delhi
_bMcGraw Hill Education
_c2015
270 _aP-24,Green Park Extension
_bNew Delhi
_e110016
300 _a xxix, 450p. :
_bill.
_c24cm(pbk)
500 _aIncludes bibliographical references and index.
505 _aMachine generated contents note: Part I Information Security Infrastructure -- 1: The Need for Information Security -- 2: Concepts in Informaiton Security -- 3: Assets, Threats, Vulnerabilities, Risks, and Controls -- 4: Security Professionals and Organizations -- 5: Information Security management System -- 6: Implementing Information Security Strategy into Current Practices, Regulations, and Plans -- Part II Information Security Planning Process -- 7: Approaches to Implementing Information Security -- 8: Organizational Structure for Mananging Information Security -- 9: Asset Management -- 10: Information Security Risk Management -- 11: Information Security Policy -- 12: Human Resouce Security -- 13: Certification, Accreditation, and Assurance -- Part III Information Security Prevention Process -- 14: Information Security in System Development -- 15: Physical and Environmental Security Controls -- 16: Information Security Awareness, Training, and Education -- 17: Preventive Tools and Techniques -- 18: Access Control -- Part IV Information Security Detection Process -- 19: Information Security Monitoring Tools and Methods -- 20: Information Security Measurements and Metrics -- Part V Information Security Recovery Process -- 21: Information Security Incident Handling -- 22: Computer Forensics -- 23: Business Continuity -- 24: Backup and Restoration -- Appendices.
520 _a"Information Assurance Handbook: Effective Computer Security and Risk Management Strategies discusses the tools and techniques required to prevent, detect, contain, correct, and recover from security breaches and other information assurance failures. This practical resource explains how to integrate information assurance into your enterprise planning and IT strategy and offers an organizational approach to identifying, implementing, and controlling information assurance initiatives for small business and global enterprises alike"-- |c Provided by publisher.
650 _aComputer networks
_xSecurity measures
_vHandbooks, manuals, etc.
650 _aComputer security
_vHandbooks, manuals, etc.
650 _aData protection
_vHandbooks, manuals, etc.
650 _a Information storage and retrieval systems
_xSecurity measures
_vHandbooks, manuals, etc.
700 _aHernandez, Steven
942 _2ddc
_cEN
_h658.478
_mSCH
999 _c99868
_d99868